| 000 | 00901 a2200253 4500 | ||
|---|---|---|---|
| 005 | 20250415131013.0 | ||
| 020 | _a9780080969572 | ||
| 020 | _a9780080969572 | ||
| 050 | 0 | 0 |
_aSB318 _bADA 2012 |
| 100 | 1 |
_aAdams, C. R. _eauthor |
|
| 245 | 1 | 0 |
_aPrinciples of horticulture / _cCharles Adams, Katherine M. Bamford, & Mike P. Early |
| 250 | _aSixth edition. | ||
| 264 | 1 |
_aNew York, NY : _bRoutledge/Taylor & Francis Group, _c2012. |
|
| 300 |
_a390 pages : _billustrations. (colour) |
||
| 336 |
_2rdacontent _atext _btxt |
||
| 337 |
_2rdamedia _aunmediated _bn |
||
| 338 |
_2rdacarrier _avolume _bnc |
||
| 500 | _aIncludes index | ||
| 650 | 0 | _aHorticulture. | |
| 700 | 1 |
_aEarly, M. P. _q(Michael P.) _eauthor |
|
| 700 | 1 |
_aBamford, K. M. _q(Katherine M.) _eauthor |
|
| 942 |
_2lcc _cBK _eSixth edition _h318 _iADA _kSB |
||
| 999 |
_c5736 _d5736 |
||